000 00720cam a22002533a 4500
001 26942
003 PGUSA
005 20140828083600.0
008 081017s2008||||xxu|||||s|||||000 | eng d
040 _aPGUSA
_beng
042 _adc
050 4 _aBH
100 1 _aLee, Vernon,
_d1856-1935
245 1 4 _aThe Beautiful :
_bAn Introduction to Psychological Aesthetics
_h[electronic resource] /
_cVernon Lee
260 _bProject Gutenberg,
_c2008
506 _aPublic domain in the USA.
516 _aElectronic text
653 _aPsychology, Applied
653 _aForm (Aesthetics)
653 _aAesthetics
830 0 _aProject Gutenberg
_v26942
856 4 0 _uhttp://www.gutenberg.org/ebooks/26942
942 _cEB
999 _c256197
_d256197